Kapesní atlas obchodníka: Turkmenistán
Ekonomicko-geografická charakteristika Turkménska. Hlavné ekonomické ukazovatele. Obchodné a investičné príležitosti. Niektoré praktické rady pre exportérov.
Gespeichert in:
| 1. Verfasser: | |
|---|---|
| Format: | Buchkapitel |
| Sprache: | Tschechisch |
| Schlagworte: | |
| Tags: |
Keine Tags, Fügen Sie das erste Tag hinzu!
|
MARC
| LEADER | 00000naa a2200000 4500 | ||
|---|---|---|---|
| 001 | r030016 | ||
| 005 | 20230908093426.2 | ||
| 041 | 0 | |a cze | |
| 044 | |a CZ | ||
| 245 | 1 | 0 | |a Kapesní atlas obchodníka: Turkmenistán |c Stanislav Čubok |
| 520 | |a Ekonomicko-geografická charakteristika Turkménska. Hlavné ekonomické ukazovatele. Obchodné a investičné príležitosti. Niektoré praktické rady pre exportérov. | ||
| 610 | 2 | 0 | |a Turkménsko |
| 610 | 2 | 0 | |a ukazovatele ekonomické |
| 610 | 2 | 0 | |a obchod zahraničný |
| 610 | 2 | 0 | |a prostredie ekonomické |
| 100 | 1 | |a Čubok, Stanislav | |